000 00339pam a2200157a 44500
008 230515b1991 xxu||||| |||| 00| 0 eng d
020 _aNULL
041 _aENGLISH
082 _aN.D.
100 _aPandaya & Shah
245 _aMachine Design
250 _a0
260 _aNULL
_bCharotar Pub.
_c1991
300 _a459
650 _aNULL
999 _c574224
_d574224